HOMOEOPATHIC MATERIA MEDICA OF SARCODES (Record no. 20439)

MARC details
000 -LEADER
fixed length control field 00302nam a22001337a 4500
003 - CONTROL NUMBER IDENTIFIER
control field SGT
082 ## - DEWEY DECIMAL CLASSIFICATION NUMBER
Classification number 615.1
Item number H16N
100 ## - MAIN ENTRY--PERSONAL NAME
Personal name NAYAK,CHATURBHUJA
245 ## - TITLE STATEMENT
Title HOMOEOPATHIC MATERIA MEDICA OF SARCODES
260 ## - PUBLICATION, DISTRIBUTION, ETC. (IMPRINT)
Place of publication, distribution, etc INDIA
Name of publisher, distributor, etc B.JAIN.PUB
Year of Publication 2016
300 ## - PAGE DESCRIPTION
No. of Pages 405
650 ## - SUBJECT ADDED ENTRY--TOPICAL TERM
Topical term or geographic name as entry element HOMOEOPATHIC
942 ## - ADDED ENTRY ELEMENTS (KOHA)
Source of classification or shelving scheme Dewey Decimal Classification
Koha item type Books
Holdings
Withdrawn status Lost status Source of classification or shelving scheme Damaged status Not for loan Home library Current library Shelving location Date acquired Vendor Name Cost, normal purchase price SGTU Bill Number Total Checkouts Full call number Accession No. (Barcode) Date last seen Bill Date Koha item type
    Dewey Decimal Classification     Homeopathy Library Homeopathy Library Text Book 06/08/2020 AHUJA PUB 299.00 SGTU 147010   615.1 H16N FH1826 06/08/2020 02/09/2016 Books
    Dewey Decimal Classification     Homeopathy Library Homeopathy Library Text Book 06/08/2020 AHUJA PUB 299.00 SGTU 147010   615.1 H16N FH1827 06/08/2020 02/09/2016 Books
    Dewey Decimal Classification     Homeopathy Library Homeopathy Library Text Book 06/08/2020 AHUJA PUB 299.00 SGTU 147010   615.1 H16N FH1828 06/08/2020 02/09/2016 Books
    Dewey Decimal Classification     Homeopathy Library Homeopathy Library Text Book 06/08/2020 AHUJA PUB 299.00 SGTU 147010   615.1 H16N FH1829 06/08/2020 02/09/2016 Books
    Dewey Decimal Classification     Homeopathy Library Homeopathy Library Text Book 06/08/2020 AHUJA PUB 299.00 SGTU 147010   615.1 H16N FH1830 06/08/2020 02/09/2016 Books
    Dewey Decimal Classification     Homeopathy Library Homeopathy Library Text Book 06/08/2020 AHUJA PUB 299.00 SGTU 147010   615.1 H16N FH1831 06/08/2020 02/09/2016 Books
    Dewey Decimal Classification     Homeopathy Library Homeopathy Library Text Book 06/08/2020 AHUJA PUB 299.00 SGTU 147010   615.1 H16N FH1832 06/08/2020 02/09/2016 Books
    Dewey Decimal Classification     Homeopathy Library Homeopathy Library Text Book 06/08/2020 AHUJA PUB 299.00 SGTU 147010   615.1 H16N FH1833 06/08/2020 02/09/2016 Books